[Event "Ordzhonikidze zt 1.9"]
[Site "Ordzhonikidze"]
[Date "2000.06.12"]
[Round "4"]
[White "Ovsejevitsch, Sergei"]
[Black "Neverov, Valeriy"]
[Result "1-0"]
[WhiteElo "2526"]
[BlackElo "2541"]
[Annotator "Wells,P"]
[PlyCount "143"]
[EventDate "2000.06.09"]
[EventType "swiss"]
[EventRounds "9"]
[EventCountry "UKR"]
[SourceTitle "CBM 078"]
[Source "ChessBase"]
[SourceDate "2000.10.18"]
[SourceVersion "1"]
[SourceVersionDate "2000.10.18"]
[SourceQuality "1"]

1. d4 Nf6 2. c4 e6 3. Nc3 Bb4 4. e3 b6 5. Bd3 Bb7 6. Nf3 Ne4 7. O-O f5 8. Ne5
$5 {[%cal Yd1h5,Yc3e4] The threat of Qh5+ prevents black from capturing twice
on c3, while white plans to capture on e4, and then either attack the e-pawn
or open the f-file, while leaving the bishop on b4 in search of a role and a
good square. The idea has never been a main line, but is increasingly
receiving recognition as one of white's best tries here.} ({The really
dramatic recent development here though, must be} 8. d5 Bxc3 9. bxc3 Nc5 {
[%cal Gc1a3] and now the shocking move} 10. e4 $5 $146 {[%cal Yc1g5] which is
not easy to see when most of white's previous approaches were somewhat fixated
on 'challenging' the c5 knight by putting the bishop on a3. Once the idea has
been initially spotted, the idea of playing this piece to g5 instead with gain
of tempo is highly attractive, although the limited practice so far certainly
does not offer a definitive verdict:} fxe4 11. Bg5 Qc8 12. Bc2 O-O ({It is at
first sight rather remarkable that Pelletier's notes for Informator 77
completely passed over the question of black snatching this piece. However, it
does not take too long to see that black is curiously helpless - with one
proviso. White should keep the queen on f3 for a while in many lines. The
threat of Qh5+ is stronger than the execution, which may merely serve to give
black the resource of playing ...Qe8.} 12... exf3 13. Qxf3 d6 (13... Nba6 14.
Rae1 d6 15. Qh3 $5 (15. Qh5+ $6 Kf8 {[%cal Gc8e8]} 16. dxe6 Qe8 $13) 15... Kf8
16. Bxh7 $16 {[%cal Yh3f3]}) 14. Rae1 e5 15. Qh5+ Kf8 16. f4 e4 17. Bxe4 $16
Qe8 $140 $2 18. Qxe8+ Kxe8 19. Bg6+ $18) (12... h6 13. Bh4 O-O 14. Nd2 (14. Ne5
Qe8 $132) 14... Nba6 15. Be7 Re8 16. Bxc5 Nxc5 17. Nxe4 $11 {Pelletier.}) 13.
Nd2 exd5 (13... Nba6 $5 14. Be7 Re8 15. Bxc5 Nxc5 16. Nxe4 $11 {Pelletier.})
14. Be7 $6 (14. cxd5 Rf5 (14... Bxd5 15. Be7 Re8 16. Bxc5 bxc5 17. Nxe4 {
Pelletier- really seems to give white the sort of attacking chances he seeks.})
15. Qg4 Rxd5 16. Bh6 (16. Nxe4 $1 Nxe4 17. Bh6 {Wahls} Ng5 18. Bxg5 $40) 16...
Qf8 17. Nxe4 Nba6 18. Rae1 Nd3 19. Re3 Ne5 20. Qg3 Kh8 21. Bf4 d6 22. Ng5 h6
23. Bxe5 Rxe5 24. Rxe5 dxe5 $13 {1/2-1/2 Pelletier,Y-Wahls,M/Germany 1999/EXT
2000 (28)}) 14... dxc4 $1 15. Bxc5 bxc5 16. Nxe4 d6 17. Ng5 $6 (17. Qh5 h6 18.
Qg6 {looks distinctly more dangerous. The destination of this flexible knight
on e4 should not be so quickly determined.}) 17... h6 18. Qh5 Rf6 19. Rae1 Nd7
20. Nh7 Rf4 21. Bf5 Qd8 22. Re3 Nf6 23. Qg6 Rxf5 24. Qxf5 Nxh7 $19 25. Rfe1 Qf8
26. Qe6+ Kh8 27. Qg6 Nf6 28. Re7 Be4 {0-1 Hernandez,R-Giorgadze,G/Mondariz
Balneario 1999/EXT 2000 (28)}) 8... O-O (8... Nf6 $5 {preventing white's
intended alteration of the central structure is well worth considering. It is
best answered by} 9. Ne2 $1 ({but not} 9. d5 $6 Bxc3 10. bxc3 O-O $15 {[%csl
Re5][%cal Yf3d4] white misses this knight coming to d4.}) 9... Bd6 $5 (9... Be7
10. Nf4 O-O 11. Bc2 {[%cal Gd7d6,Ye5d3]} c5 12. b3 $14 Nc6 $140 $2 13. Nxc6
Bxc6 14. d5) 10. b3 (10. f3 $5 c5 11. b3 $13) 10... Bxe5 $1 11. dxe5 Ng4 12. f4
(12. Bb2 Nc6 $17 {[%csl Re5]}) 12... Na6 13. h3 Nh6 14. Nc3 Qh4 {1/2-1/2
Dumitrache,D-Marin,M/Iasi 1999/CBM 75 (14)} 15. e4 (15. Qe1) 15... Nc5 16. exf5
$140 Qg3) 9. Nxe4 (9. Ne2 Bd6 $5 {Wells}) 9... fxe4 10. Bc2 (10. Be2 $5 {
looks like a more natural preparation for f3/f4 on the one hand, but on the
other black no longer has to reckon with his e-pawn being vulnerable to direct
attack rather than exchange. Hence he has a freer hand on the move:} Bd6 $5 (
10... Be7 {may be too passive to equalise.} 11. f4 exf3 12. Bxf3 Bxf3 13. Nxf3
d5 {Weakening e5, and in some cases c6, but it is true that black experiences
some problems with developing if he does not make these concessions.} (13...
Nc6 {is met with} 14. d5 {It is interesting if white finds it easier to build
the initiative here with a knight than a light-squared bishop.}) 14. Qe2 dxc4
$5 15. e4 (15. Qxc4 Qd5 $5 16. Qxc7 (16. Qd3 c5) 16... Nc6 17. Qg3 Bf6 $44)
15... b5 16. a4 Nc6 (16... c6 $5 17. Be3 (17. b3 cxb3 18. axb5 Qb6 $15) 17...
Nd7 18. b3 cxb3 19. axb5 $44) 17. axb5 Nxd4 18. Qxc4 Nxf3+ 19. gxf3 $14 {
1-0 Lugovoi,A-Akesson,R/4th Gudmundur Arason, Hafnarfjordur ISL 1998 (34).})
11. f4 exf3 12. Bxf3 Bxf3 13. Nxf3 Nc6 14. e4 e5 $5 (14... Bf4 15. d5 Ne7 16.
Bxf4 Rxf4 17. Ne5 {Creative, but} (17. dxe6 $5 dxe6 18. Ng5 Ng6 19. Qxd8+ Rxd8
20. Nxe6 Rxf1+ 21. Rxf1 Rd2 22. h4 $1 h5 23. Rf2 $14 {looks more promising.})
17... Rxe4 18. Nf7 Qe8 19. Qd3 Rg4 20. Qh3 Rg6 21. Rae1 Nf5 22. Ne5 (22. Rxf5
$6 exf5 23. Rxe8+ Rxe8 {[%csl Rf7] is certainly not in white's favour.}) 22...
Rh6 23. Qf3 Rd8 24. g4 Nd6 25. Qg3 Rf6 26. Rxf6 gxf6 27. Nd3 Qf7 28. g5 fxg5
29. c5 bxc5 30. dxe6 dxe6 31. Qxg5+ Qg6 32. Qxg6+ hxg6 33. Nxc5 Kf7 $11 {
1/2-1/2 Chatalbashev,B-Cioara,A/Nova Gorica 2000/CBM 74 ext (42)}) 15. dxe5
Bc5+ 16. Kh1 Qe8 17. Qd5+ Kh8 18. Bg5 (18. Bd2 $5 $14 {[%cal Yd2c3]}) 18... Nb4
19. Qd2 Nc6 20. Bf4 Bb4 21. Qe3 Bc5 22. Qd2 Bb4 23. Qe3 Bc5 24. Qd2 {1/2-1/2
Chatalbashev,B-Relange,E/Cannes 1999/EXT 2000 (24)}) 10... Qg5 $5 (10... Bd6
11. Qg4 Bxe5 12. dxe5 Rf5 13. f4 Na6 14. Bd2 Qe7 15. Rad1 Nc5 16. b4 Nd3 17.
Qe2 d6 18. Bc3 dxe5 19. Bxd3 exd3 20. Rxd3 exf4 21. exf4 Raf8 22. Rg3 {[%csl
Gb7,Yc3,Rg7][%cal Yc3g7]} R8f7 23. Re3 Bc8 24. Qd2 h5 25. Be5 {[%csl Ye5]} Qd7
26. Rd3 Qc6 27. Rd8+ Rf8 28. Rf3 h4 29. Rh3 Bb7 30. Rxh4 Qxc4 31. Rxf8+ Rxf8
32. Rg4 Rf7 33. Qd8+ {1-0 Nenashev,A-Aleksic,N/Aegina 1994/TD (33)}) (10... d6
$5 {[%csl Rb4]}) 11. Qg4 $146 (11. f4 exf3 12. Nxf3 Bxf3 13. Rxf3 Rxf3 14. Qxf3
Nc6 {looks superficially better for white to me, but I cannot find anything
very convincing, and neither could Lukacs.} 15. Qh3 g6 16. Be4 Re8 17. a3 Bf8
18. b4 {1/2-1/2 Lukacs,P-Grosar,A/Budapest FS04 GM 1994/EXP 42 (18)}) 11...
Qxg4 12. Nxg4 Be7 13. h3 h5 14. Nh2 (14. Ne5 Rf6 {[%csl Re5]}) 14... c5 15. Bd2
Na6 $5 16. a3 Rac8 17. Bb3 {This move looks rather awkward, but may be all but
forced. The position is rich in bad pieces and suspect pawns, but the overall
balance is certainly not in white's favour.} Bf6 (17... d5 $6 18. cxd5 exd5 19.
f3 exf3 20. Nxf3 $13 {enables some freeing of white's forces.}) 18. Bc3 cxd4
19. exd4 Nc7 20. Rfe1 d5 21. a4 Ne8 $6 {Strange. The pawn structure with
doubled black e-pawns is likely to arise in any case, but} (21... dxc4 22. Bxc4
Nd5 23. Bb3 Kh8 $15 {/ -/+ looks like a much more active version for black.})
22. cxd5 Bxd5 23. Bd1 g6 24. Nf1 Nd6 25. Ne3 Nc4 26. Nxc4 Rxc4 27. Bb3 Rc7 28.
Bc2 Bxd4 29. Bxd4 Rxc2 30. Rec1 Rfc8 31. Rxc2 Rxc2 32. Ra3 Rd2 {Unless black
can effect some break with ...e3, his extra pawn seems to have no real meaning.
Indeed, if white's rook is allowed to enter black's position supported by the
bishop on e5, then it can even spell problems, as we shall see. Perhaps black
shoudl already have been giving priority to avoiding this eventuality.} 33. Be5
Kf7 34. h4 Ke8 35. Rg3 Kf7 36. Rc3 {[%csl Ra7,Gd2,Rg6][%cal Yc3c7,Ge4e3,Gd5g2,
Gd2g2,Yc3e3]} Rd1+ $6 37. Kh2 Rd3 $2 {[%csl Rd3] This looks very much like
serious 'zeitnot'. With the rook left on d2, the possibility of ...e3 at least
makes white think twice about committing his rook entirely to the attack.} 38.
Rc7+ Ke8 39. Rc8+ Kd7 40. Rc7+ Kd8 41. Rxa7 $14 e3 42. Bc7+ Kc8 43. fxe3 Rb3
44. e4 Bb7 45. Be5 Rb4 46. a5 Rxe4 (46... bxa5 $5 47. Rxa5 Rxe4 $11) 47. a6 Bd5
48. Bd6 Rxh4+ 49. Kg1 Rg4 50. g3 h4 51. Kh2 Rc4 (51... hxg3+ $5 52. Bxg3 Rc4)
52. gxh4 Rc2+ 53. Kg3 Rxb2 54. Kf4 Rf2+ 55. Kg5 Be4 56. Kh6 {[%csl Re4][%cal
Re4g6,Re4a8] The bishop on e4 is overworked, watching both the a-pawn and
defending g6. This is the key to white's success, although it looks as if
black missed a number of defensive chances.} b5 57. Kg7 Rd2 58. Be5 b4 59. Rc7+
Kd8 60. Rc4 Bd5 61. Rxb4 Ra2 62. Kxg6 $16 {[%csl Yh4]} Rxa6 63. h5 Rc6 64. h6
Rc4 65. h7 Rxb4 66. h8=Q+ Kd7 67. Qf8 Rg4+ 68. Kh5 Rc4 69. Qd6+ Kc8 70. Qb6 Kd7
71. Kg5 Rc1 72. Qa7+ 1-0

[Event "Tilburg Fontys"]
[Site "Tilburg"]
[Date "1998.10.26"]
[Round "4"]
[White "Sadler, Matthew D"]
[Black "Adams, Michael"]
[Result "1-0"]
[WhiteElo "2660"]
[BlackElo "2715"]
[Annotator "Wells,P"]
[PlyCount "81"]
[EventDate "1998.10.23"]
[EventType "tourn"]
[EventRounds "11"]
[EventCountry "NED"]
[EventCategory "18"]
[SourceTitle "EXT 1999"]
[Source "ChessBase"]
[SourceDate "1998.11.16"]
[SourceVersion "1"]
[SourceVersionDate "1998.11.16"]
[SourceQuality "1"]

1. d4 {Baburin} Nf6 2. c4 e6 3. Nc3 Bb4 4. e3 b6 5. Bd3 Bb7 6. Nf3 O-O 7. O-O
Bxc3 {[%csl Ge4] Less popular than the more 'classical' 7...d5 and 7...c5, but
a very thematic 'Nimzo' move after which the battle for the e4 square becomes
even more central.} 8. bxc3 c5 $5 (8... Be4 {was the older main line, but both
Mickey Adams and Nigel Short have shown a preference for the complex text move.
}) 9. a4 $5 {First played nearly a decade ago this has since been rather
neglected in favour of} (9. Nd2 Nc6 10. Nb3 (10. e4 $5 {looks a bit too direct,
although black needs to defend quite precisely} cxd4 11. cxd4 Nxd4 12. e5 Ne8
13. Ba3 d6 14. Re1 f5 $1 {[%csl Ge4]} 15. Bf1 Qg5 (15... Rf7 $5 16. exd6 (16.
Nb3 dxe5 17. Rxe5 Rd7 18. Nxd4 Rxd4 19. Qe1 Nc7) 16... Nxd6 17. Nb3 (17. Bb2
Ne8 18. Nb3 Nxb3 19. Qxd8 Rxd8 20. axb3 Bc8 $1) 17... Nxb3 18. axb3 Rd7 {
also looks playable.}) 16. exd6 Rd8 17. Ne4 fxe4 18. Qxd4 Nf6 19. h3 Nd7 20.
Re3 e5 21. Qb2 Bc6 22. g3 Nc5 23. Bxc5 bxc5 24. Rd1 Qf6 25. Bg2 Rxd6 26. Rxd6
Qxd6 27. Qe2 Qd4 28. Bxe4 Bxe4 29. Rxe4 Rxf2 30. Qxf2 Qxe4 31. Qxc5 Qf5 {
1/2-1/2 Lesiege,A-Short,N/Elista 1998/CBM 66 ext (31)}) 10... a5 $1 11. a4 d6
12. f3 Rc8 13. Ba3 (13. e4 $6 cxd4 14. cxd4 Nb4 $1 $132 {- see the comments on
Sadler's 10 Ba3.}) 13... e5 14. d5 Ne7 15. Nd2 Ne8 16. e4 Rb8 17. Qc2 Bc8 $11 {
Looks OK for black, so long as he follows up thematically with an early ...f5.
Gelfand,B - Adams,M/ Biel izt.1993. 1/2-1/2 (44).}) 9... d6 (9... Nc6 $6 10. e4
$1 (10. d5 $5 exd5 $140 11. cxd5 Nxd5 12. Bxh7+ Kxh7 13. Qxd5 $14) 10... cxd4
11. cxd4 Nb4 12. e5 $36) 10. Ba3 $5 $146 {[%csl Yb4][%cal Ye3e4,Gc5d4,Gc3d4] A
very interesting idea! At first glance the bishop does not look to have a very
exciting career ahead from this square, but in fact as usual here, it is the
struggle for e4 which is the main point. White prepares to meet 10...Nc6 with
11 e4 when black misses his standard counter with ...cxd4 and ...Nb4.} (10. Nd2
Nc6 11. Nb3 a5 $5 {would transpose to Gelfand - Adams above.} (11... Rc8 {
Baburin} 12. a5 Qc7 13. f3 bxa5 14. e4 Ba8 15. Rf2 {as in the game
Gligoric-Romanishin, Yerevan 1989.})) 10... Ne4 {It seems that in the long run
there is no stopping white's e4 advance. Adams' method ensures that it will
occur in the context of an opening of the f-file.} (10... Nc6 11. e4 $1 $14) (
10... Nbd7 11. Nd2 $14) 11. Ne1 $1 {[%cal Yf2f3]} f5 (11... Nxc3 $4 12. Qc2 {
[%csl Rc3]}) 12. f3 Nf6 13. Nc2 Nc6 {Trying to further delay e4 would futile.}
(13... Nbd7 $2 {would be much weaker since in the coming blocked position the
knights would be treading on each others toes, covering the same squares.
Black needs to provide defence for the f5 square which will become a new focus
of the battle. Note that white's knight is also perfectly placed to contest
this key point.}) 14. e4 fxe4 15. fxe4 e5 16. d5 Ne7 17. Ne3 {[%csl Yf5][%cal
Ge7f5,Ye3f5]} Bc8 18. Bc1 {Job done!} Bd7 19. Bd2 $5 {The explanation of the
manouevre Bc1-d2-c1 here is not too obvious ( at least not to me! ) I suppose
that white waits to leave the a-file with his rook until black's queen is
committed to c7, since} (19. Ra2 Qe8 $5 {might be irritating, whereas...})
19... Qc7 (19... Qe8 {can in this case be met with} 20. Be1 Qg6 21. Bh4 Qh6
$140 22. Qe1) 20. Ra2 {Baburin: 'It's interesting to observe how from now on
GM Sadler commands his rooks.'} Rf7 21. Bc1 Raf8 22. Raf2 Qc8 23. Nf5 $1 Nxf5
24. exf5 {My first reaction to the later phase of this game was surprise that
in this still rather closed position white's bishop pair proves gradually to
be a potent force. A couple of general points are worth making: 1) The pawn at
f5 seems to considerably enhance white's basic spatial advantage. It can also
supported by g2-g4 with very little real cost in terms of weakening white's
king. Meanwhile it is difficult for black to undertake anything active. 2)
After the exchange on f5, white has 3 v 2 on the king-side, while black has a
passed e-pawn. The former as we shall see, has ( given careful handling )
potential mobility. The e-pawn too, but when advanced, as black shortly does,
it seriously weakens the d6 pawn, and enhances in general the power of white's
dark-squared bishop.} Qa6 (24... e4 25. Bc2 Qa6 26. Bb3) 25. Ra2 {'!' Baburin.}
e4 {[%csl Rd6][%cal Yc1f4,Yf4d6] As I mentioned above, black's lack of a plan,
and the temporary discoordination which this move achieves between white's
rooks makes this move quite understandable. However, the weakness of d6 does
look important later on, and is certainly enough to rule out any ( inherently
desirable ) manouevre of the knight to e5. I suspect that black is already in
some trouble.} 26. Be2 Qc8 27. g4 $1 h5 $6 {This also looks questionable. With
the simple h3 and Kg2, white looks more ready than black to exploit any
subsequent opening of the h-file.} 28. h3 Ne8 29. Qe1 Qd8 30. Bd1 $1 {[%csl
Ra4][%cal Ya2h2][%mdl 32] The medal is not just for this move, but for white's
patient and extremely 'functional' manouevering with the bishop pair which I
find highly instructive.} Nf6 31. Bg5 Qe8 32. Qe3 a6 $6 {[%csl Rb6] Forseeing
unpleasantness on the king-side, black gets impatient in his desire to create
something on the other wing. Still, objectively there seems little doubt that
the weakness of the b6 pawn hastens the end.} 33. Bf4 Qe7 34. Rg2 {'!' Baburin.
Baburin: 'White's rooks have more space for manoeuvring than their black
counterparts and this defines White advantage.'} Nh7 35. Bc2 {[%csl Re4]} Re8
36. Rb1 {'!' Baburin.} Qd8 37. Bd1 $1 {[%cal Yg2b2]} Kh8 38. Rgb2 $1 {'+-!'
Baburin.} Qh4 39. Rxb6 Ref8 (39... hxg4 40. hxg4 Nf6 41. Qg3 $18) 40. Rb8 Bxf5
41. Rxf8+ 1-0